banner-ar

جماعة الفن المعاصر : (Record no. 63613)

MARC details
000 -الفاتح
حقل البيانات ثابتة الطول 01202nam a22003497a 4500
005 - وقت وتاريخ اخر تعامل مع التسجيلة
رقم الضبط 20240530110650.0
008 - عناصر البيانات ثابتة الطول - معلومات عامة
حقل البيانات ثابتة الطول 171211s2009 ua f f b 000 0 ara d
017 ## - رقم الايداع القانونى
رقم الايداع القانونى 7867
المصدر ( الهيئة المختصة) دار الكتب
020 ## - الرقم الدولى المعيارى للكتب
الرقم الدولى المعيارى للكتاب 9789774791457
040 ## - مصدر الفهرسة
وكالة الفهرسة الأصلية EG-CaGPL
082 04 - رقم تصنيف ديوى العشرى
رقم الطبعة 21
رقم التصنيف 700.92/
رقم المادة أ ج
100 0# - المدخل الرئيسى - إسم شخصى
الإسم الشخصى ايناس حسني .
245 10 - بيان العنوان
العنوان جماعة الفن المعاصر :
بقية العنوان ثروة باقية من الفن الجميل /
بيان المسئوليه,etc ايناس حسني .
250 ## - بيان الطبعة
بيان الطبعة ط. 1
260 ## - PUBLICATION, DISTRIBUTION, ETC. (IMPRINT)
تاريخ النشر أو التوزيع 2009
300 ## - الوصف المادى
التعداد 276 ص :
تفاصيل ماديه اخرى للوعاء ايض ؛
أبعاد الوعاء 30 سم .
504 ## - تبصرة ببليوجرافية
تبصرة ببليوجرافية,الخ ببليوجرافية : ص 275 - 276
600 0# - المدخل الاضافى بالموضوع-اسم شخصى
الإسم الشخصى حسين يوسف امين
600 0# - المدخل الاضافى بالموضوع-اسم شخصى
الإسم الشخصى عبد الهادي الجزار
600 0# - المدخل الاضافى بالموضوع-اسم شخصى
الإسم الشخصى حامد ندا
600 0# - المدخل الاضافى بالموضوع-اسم شخصى
الإسم الشخصى سمير رافع
600 0# - المدخل الاضافى بالموضوع-اسم شخصى
الإسم الشخصى احمد ماهر رائف
600 0# - المدخل الاضافى بالموضوع-اسم شخصى
الإسم الشخصى ابراهيم مسعودة
600 0# - المدخل الاضافى بالموضوع-اسم شخصى
الإسم الشخصى كمال يوسف
600 0# - المدخل الاضافى بالموضوع-اسم شخصى
الإسم الشخصى محمود خليل
600 0# - المدخل الاضافى بالموضوع-اسم شخصى
الإسم الشخصى سالم الحبشي
650 07 - المدخل الاضافى بالموضوع-مصطلح موضوعى
مصدر الرأس أو المصطلح qrmak
مصطلح موضوعي الفن
650 07 - المدخل الاضافى بالموضوع-مصطلح موضوعى
مصدر الرأس أو المصطلح qrmak
مصطلح موضوعي الفنانون المصريون
650 07 - المدخل الاضافى بالموضوع-مصطلح موضوعى
مصدر الرأس أو المصطلح qrmak
مصطلح موضوعي الفن
التقسيم الفرعي العام تاريخ ونقد
التقسيم الفرعي الزمني القرن العشرين
942 ## - عناصر المدخل الإضافي( كوها)
مصدر التصنيف او مخطط الترفيف Dewey Decimal Classification
Koha [default] item type كتاب
260 ## - PUBLICATION, DISTRIBUTION, ETC. (IMPRINT)
-- الجيزة :
-- وزارة الثقافة ،
Holdings
حالة التراجع حالة الفقد حالة تلف ليس للاعارة المكان المؤقت الموقع الحالى تاريخ الاكتساب اجمالي اﻻعارات رقم الطلب الباركود تاريخ اخر مشاهدة تاريخ تفعيل السعر نوع وعاء كوها
        مكتبة الحضارة الاسلامية مكتبة الحضارة الاسلامية 12/11/2017   700.92/ أ ج 163719 12/11/2017 12/11/2017 كتاب

Powered By

EGPV